000 00731nam a2200241 i 4500
001 C2-0090268
003 PPAK
005 20180727091942.0
008 970511s1989 my a|||| ||||| | eng d
040 _aPPAK
_beng
_cPPAK
_erda
082 0 4 _a581.526230959
_223
090 0 0 _a581.526230959
_bRUB
_dG
090 0 0 _a581.526230959
_bRUB
_dR
100 1 _aRubeli, Ken,
_eauthor
245 1 0 _aTropical rain forest in South East Asia
264 1 _aKuala Lumpur :
_bTropical Press ,
_c1989
300 _a234 pages :
_bcolour illustrations ;
_c30 cm
336 _2rdacontent
_atext
337 _2rdamedia
_aunmediated
338 _2rdacarrier
_avolume
650 1 0 _aRain forests - Asia, Southeastern - Pictorial works
942 _ddc
_cB
999 _c18817
_d18817